Estadísticas para MEXICO - CIUDADES Y ESTADOS

Haz click aquí para tomar la prueba!

Estadísticas generales

  • Esta prueba ha sido tomada 393 veces
  • La puntuación promedio es 19 de 32

Estadísticas de respuestas

CD ESTADO % Correcto
AguascalientesAGUASCALIENTES
96%
ChihuahuaCHIHUAHUA
93%
DurangoDURANGO
91%
PueblaPUEBLA
91%
San Luis PotosíSAN LUIS POTOSI
90%
QuerétaroQUERETARO
89%
ColimaCOLIMA
87%
GuanajuatoGUANAJUATO
85%
OaxacaOAXACA
84%
ZacatecasZACATECAS
81%
TlaxcalaTLAXCALA
79%
MexicaliBAJA CALIFORNIA
73%
MéridaYUCATAN
68%
CampecheCAMPECHE
63%
ChetumalQUINTANA ROO
59%
Ciudad de MéxicoDISTRITO FEDERAL
55%
TepicNAYARIT
54%
MontereyNUEVO LEON
54%
GuadalajaraJALISCO
53%
Cd. VictoriaTAMAULIPAS
46%
JalapaVERACRUZ
44%
ChilpancingoGUERRERO
42%
Tuxtla GutierrezCHIAPAS
42%
MoreliaMICHOACAN
40%
Villa HermosaTABASCO
40%
PachucaHIDALGO
39%
CuernavacaMORELOS
39%
CuliacánSINALOA
36%
La PazBAJA CALIFORNIA SUR
35%
SonoraHERMOSILLO
30%
TolucaESTADO DE MEXICO
30%
CoahuilaSALTILLO
27%

Distribución de puntuación

Porcentaje por número respondido

Porcentaje de gente con cada puntuación

Historial de tus puntuaciones

No has tomado esta prueba